| 000 | 00705nam a2200241 a 4500 | ||
|---|---|---|---|
| 001 | 59802 | ||
| 003 | BD-RjUL | ||
| 005 | 20211209080754.0 | ||
| 008 | 161227s1958 enk||||| |||| 001 0 eng d | ||
| 020 | _a0813302064 | ||
| 035 | _a(BD-RjUL)59926 | ||
| 040 |
_aBD-RjUL _beng _cBD-RjUL _dBD-RjUL |
||
| 041 | _aeng | ||
| 082 |
_223 _a342.73 _bINT 1985 |
||
| 245 | 1 | 0 |
_aInternational security yearbook 1984/85 / _cM Blechman; Edward N Luttwak |
| 260 |
_aBoulder, CO : _bWestview Press, _c©1986 |
||
| 300 |
_a260 p. ; _c24 cm. |
||
| 500 | _aInclude index | ||
| 650 |
_aWorld politics -- 20th century. _9177970 |
||
| 700 |
_aBlechman, M _9177971 |
||
| 700 |
_aLuttwak, Edward N _9177972 |
||
| 942 |
_2ddc _cBK |
||
| 999 |
_c59802 _d59802 |
||